VRAI / FAUX Ligne 3 du métro parisien - Statistiques

Statistiques générales
  • Ce quiz a été pris 10 fois
  • Le résultat moyen est 30 sur 50
Statistiques - réponses
Question Réponse % Correct
La station Gallieni s'est d'abord appelée Porte de Bagnolet FAUX
100%
La ligne 3 compte 24 stations et mesure 12 km FAUX
100%
Le Musée national Jean-Jacques-Henner auquel on accède par la station Malesherbes est un musée de sculpture FAUX
100%
Une partie de la station Arts et Métiers est recouverte de plaques de bronze depuis 1994 FAUX
100%
La station Réaumur-Sébastopol a pris son nom actuel en 1937 FAUX
100%
Dans la station République se rejoignent 5 lignes de métro VRAI
100%
La station Gallieni a pour sous-titre Parc de Bagnolet VRAI
100%
La station Opéra dessert l'opéra Garnier VRAI
100%
La station Havre-Caumartin est ouverte en 1904 sous le nom de Caumartin VRAI
100%
La station Arts et Métiers dessert une ancienne école devenue un musée VRAI
100%
La station Saint-Lazare est ouverte depuis 1904 VRAI
100%
La station Quatre septembre n'a qu'un seul accès VRAI
100%
La station Gambetta a été un des terminus de la ligne 3 VRAI
100%
Rue de la Pie se trouve un des accès de la station Porte de Bagnolet VRAI
100%
La station Porte de Champerret a été un des terminus de la ligne 3 de 1911 à 1937 VRAI
100%
La station Sentier dispose d'un modèle unique de signal extérieur des années 30 VRAI
100%
Gallieni est un des terminus de la ligne 3 depuis 1971 VRAI
100%
Au XXe siècle, la station Saint-Lazare a longtemps été la plus fréquentée VRAI
100%
La station Bourse est la plus proche de la mairie du IVe arrondissement FAUX
67%
La station Rue Saint-Maur porte ce nom depuis 1904 FAUX
67%
Pour le 60e anniversaire d'Astérix et Obélix, la station Bourse a été renommée Boursicotix FAUX
67%
Louise Michel, qui a donné son nom à une station de la ligne 3 est surnommée la "Vierge du peuple" FAUX
67%
La station Anatole France a été mise en service en 1927 FAUX
67%
La station Pont-de-Levallois dessert aussi le hameau de Bécon-les-Bruyères, mention qui figure en sous-titre dans la station FAUX
67%
Tous les accès à la station République sont sur la place du même nom FAUX
67%
Anatole France, qui a donné son nom à une station de la ligne 3, a été prix Nobel de littérature en 1921 VRAI
67%
La station Pereire a brièvement été un des terminus de la ligne 3 VRAI
67%
En 2020, la station Quatre septembre est provisoirement renommée 1er avril VRAI
67%
La station Saint-Lazare est desservie par quatre lignes de métro VRAI
67%
La signalétique de la ligne 3 est un chiffre 3 blanc sur un rond vert bouteille FAUX
33%
Dans la station Parmentier, une sculpture montre celui-ci préparant une purée FAUX
33%
En 1979, une scène du film Flic ou Voyou a été tournée dans la station Gambetta FAUX
33%
La station Europe dessert la mairie du 17e arrondissement FAUX
33%
La station Rue Saint-Maur doit son nom à un ancien village FAUX
33%
La station Europe est sous-titrée Simone Weil depuis 2018 FAUX
33%
Le musée Roybet-Fould qui est accessible par la station Pont-de-Levallois présente essentiellement des souvenirs des expositions universelles FAUX
33%
La station Réaumur-Sébastopol a été ouverte en 1904 sous le nom de Sébastopol FAUX
33%
Une des entrées de la station Wagram est ornée d'un édicule Guimard classé en 2016 aux Monuments historiques VRAI
33%
La station Porte de Bagnolet doit son nom à la commune de Bagnolet VRAI
33%
La station Louise Michel est ouverte sous le nom de Vallier VRAI
33%
Pour me rendre à l'ambassade du Togo, je dois descendre à la station Porte de Champerret VRAI
33%
La station Havre-Caumartin doit une partie de son nom à la ville du Havre et devrait donc s'appeler Le Havre-Caumartin VRAI
33%
Une partie de la station Arts et Métiers évoque l'ambiance du roman 20000 lieues sous les mers VRAI
33%
Le nom de l'institutrice communarde Louise Michel a remplacé le nom d'un gros propriétaire terrien pour une station de la ligne 3 en 1946 FAUX
0%
La station Quatre septembre commémore la libération de Paris en 1944 FAUX
0%
La station Havre-Caumartin prend ce nom en 1936 FAUX
0%
La station Saint-Lazare dispose de 14 accès FAUX
0%
La station Pereire rend aussi hommage au maréchal Leclerc, libérateur de Paris en 1944 FAUX
0%
La station Porte de Champerret doit son nom à un village disparu. FAUX
0%
La station Temple doit son nom à un lieu de culte protestant FAUX
0%
Aucun quiz correspondant
Distribution des résultats
% des personnes avec chaque résultat
Percentile par nombre de réponses
Votre historique - résultats
Vous n’avez pas pris ce quiz